书目信息 |
| 题名: |
Excel达人手册
|
|
| 作者: | 胡小春 , 陈宇 编著 | |
| 分册: | ||
| 出版信息: | 北京 机械工业出版社 2019.08 |
|
| 页数: | XIX, 280页 | |
| 开本: | 24cm | |
| 丛书名: | ||
| 单 册: | ||
| 中图分类: | TP391.13-62 | |
| 科图分类: | ||
| 主题词: | 表处理软件--biao chu li ruan jian--手册 | |
| 电子资源: | ||
| ISBN: | 978-7-111-62712-8 | |
| 000 | 01266nam0 2200253 450 | |
| 001 | 2061126629 | |
| 005 | 20201104165903.35 | |
| 010 | @a978-7-111-62712-8@dCNY75.00 | |
| 100 | @a20190925d2019 em y0chiy50 ea | |
| 101 | 0 | @achi |
| 102 | @aCN@b110000 | |
| 105 | @aa z 000yy | |
| 200 | 1 | @aExcel达人手册@AExcel da ren shou ce@e表格设计的重点、难点与疑点精讲@f胡小春, 陈宇编著 |
| 210 | @a北京@c机械工业出版社@d2019.08 | |
| 215 | @aXIX, 280页@c图@d24cm | |
| 330 | @a本书以Excel 2016为蓝本, 内容充实, 选取最简洁高效的操作作为知识点, 并以图解方式讲解, 将Excel高手的过人技巧手把手交给读者, 让读者一看就懂, 一学就会, 同时, 打破常规的图书讲解方式, 回归到Excel技术的本质操作上, 非常便于读者快速学习Excel或是快速解决实际工作中的问题。本书中的技巧覆盖了8个方面, 分为17章。内容涉及: 表格偷懒方法、表格基本操作、数据录入、数据处理、数据计算、数据分析、数据安全和常见问题。附录中还提供了表格配色和图表配色方案。 | |
| 517 | 1 | @a表格设计的重点、难点与疑点精讲@Abiao ge she ji de zhong dian 、nan dian yu yi dian jing jiang |
| 606 | 0 | @a表处理软件@Abiao chu li ruan jian@j手册 |
| 610 | 0 | @aExcel |
| 690 | @aTP391.13-62@v5 | |
| 701 | 0 | @a胡小春@Ahu xiao chun@4编著 |
| 701 | 0 | @a陈宇@Achen yu@4编著 |
| 801 | 0 | @aCN@b人天书店@c20200927 |
| 905 | @aZUCC@dTP391.13-62@eH510 | |
| Excel达人手册:表格设计的重点、难点与疑点精讲/胡小春, 陈宇编著.-北京:机械工业出版社,2019.08 |
| XIX, 280页:图;24cm |
| ISBN 978-7-111-62712-8:CNY75.00 |
| 本书以Excel 2016为蓝本, 内容充实, 选取最简洁高效的操作作为知识点, 并以图解方式讲解, 将Excel高手的过人技巧手把手交给读者, 让读者一看就懂, 一学就会, 同时, 打破常规的图书讲解方式, 回归到Excel技术的本质操作上, 非常便于读者快速学习Excel或是快速解决实际工作中的问题。本书中的技巧覆盖了8个方面, 分为17章。内容涉及: 表格偷懒方法、表格基本操作、数据录入、数据处理、数据计算、数据分析、数据安全和常见问题。附录中还提供了表格配色和图表配色方案。 |
| ● |
| 相关链接 |
|
|
|
正题名:Excel达人手册
索取号:TP391.13-62/H510
 
预约/预借
| 序号 | 登录号 | 条形码 | 馆藏地/架位号 | 状态 | 备注 |
| 1 | 1477655 | 214776553 | 自科库301/301自科库 65排3列3层/ [索取号:TP391.13-62/H510] | 在馆 | |
| 2 | 1477656 | 214776562 | 自科库301/301自科库 65排3列3层/ [索取号:TP391.13-62/H510] | 在馆 |